[Event "Biel"]
[Site "15"]
[Date "1982.07.??"]
[Round "5"]
[White "Cuartas, Carlos"]
[Black "Nunn, John"]
[Result "0-1"]
[WhiteElo "2340"]
[BlackElo "2565"]
[Annotator "JvR"]
[PlyCount "82"]
[EventDate "1982.07.??"]
[SourceDate "2013.10.27"]

1. e4 c5 2. Nf3 d6 3. d4 cxd4 4. Qxd4 Nc6 5. Bb5 Bd7 6. Bxc6 Bxc6 7. Nc3 Nf6 8.
Bg5 e6 9. O-O-O Be7 10. Rhe1 O-O 11. Qd2 Qc7 12. Nd4 Rfd8 13. f3 a6 14. g4 Be8
$5 ({Theory is} 14... b5) 15. Kb1 b5 16. Nf5 $2 {
Cuartas delivers a risky sacrifice.} ({Usual will become} 16. Nce2) 16... exf5
17. Bxf6 Bxf6 18. Nd5 Qc5 $1 19. Nxf6+ gxf6 20. gxf5 Kg7 $5 ({Even better is} 
20... Kf8 $1 21. Qh6+ Ke7 22. Qxh7 Rac8) 21. Qg2+ $1 Kf8 22. Rd5 Qc7 23. Qd2
Rac8 24. f4 $5 Bc6 $1 25. Rd4 Bb7 26. Rd1 Re8 27. e5 $5 fxe5 28. Rxd6 $5 Be4 $1
29. Rc1 Bxf5 30. fxe5 Bg6 31. Qf4 Kg8 32. h4 Qc4 33. Qh2 Qg4 34. Rd2 Qh5 35.
Re1 Rc4 36. e6 fxe6 37. b3 Rxh4 38. Qd6 Rh1 39. Rxh1 Qxh1+ 40. Kb2 Qb7 41. Re2
Qg7+ {Nunn has an extra bishop and pawn.} 0-1

[Event "Biel"]
[Site "15"]
[Date "1982.07.??"]
[Round "6"]
[White "Toth, Bela"]
[Black "Gheorghiu, Florin"]
[Result "0-1"]
[WhiteElo "2360"]
[BlackElo "2535"]
[Annotator "JvR"]
[PlyCount "66"]
[EventDate "1982.07.??"]
[SourceDate "2013.10.27"]

1. d4 Nf6 2. c4 c5 3. d5 g6 4. Nc3 d6 5. e4 Bg7 6. Nf3 O-O 7. h3 a6 8. Bd3 b5
9. cxb5 axb5 10. Nxb5 Na6 11. Nc3 Nb4 12. Be2 Qa5 13. O-O Ba6 14. Re1 $5 (14.
Nd2 Bxe2 15. Qxe2 {was played in Qi Jingxuan - Gheorghiu, Buenos Aires 1978.})
14... Rfb8 15. Bf4 Bxe2 16. Rxe2 Qa6 17. Rd2 Qc4 18. b3 $2 ({Better is} 18. Qf1
Qxf1+ 19. Kxf1) 18... Qxc3 $3 19. Rc1 Nxe4 $1 20. Rxc3 Nxc3 21. Qe1 Nbxd5 {
Black has an advantage.} 22. Bg5 e6 $1 23. Rc2 Nxa2 24. Qe2 Nac3 25. Qc4 Rb4 $1
26. Qd3 Rxb3 27. Nd2 Rba3 28. Qf3 Nb5 29. Qe4 Nd4 30. Rc1 h6 {
A steamroler of pawns starts.} 31. Bh4 Nf4 $1 32. Re1 g5 33. Bg3 d5 $1 {
Gheorghiu has a rook, a knight and three pawns as an affluent compensation for
the queen.} 0-1

[Event "Biel"]
[Site "15"]
[Date "1982.07.??"]
[Round "7"]
[White "Nunn, John"]
[Black "Lobron, Eric"]
[Result "1-0"]
[WhiteElo "2565"]
[BlackElo "2470"]
[Annotator "JvR"]
[PlyCount "69"]
[EventDate "1982.07.??"]
[SourceDate "2013.10.27"]

1. e4 c6 2. c4 d5 3. exd5 Nf6 4. Nc3 cxd5 5. cxd5 Nxd5 6. Nf3 e6 7. d4 Bb4 8.
Qc2 Nc6 9. Bd3 Nxc3 10. bxc3 Nxd4 11. Nxd4 Qxd4 12. Bb5+ Ke7 13. O-O Qxc3 {
Black gains a second pawn, but White has an advantage.} 14. Qa4 $5 (14. Qe2 {
led to a win in Najdorf - Portisch, Varna 1962.}) 14... Bd6 15. Bf4 $1 Bxf4 (
15... e5 $6 16. Rac1 Qb4 17. Qxb4 Bxb4 18. Bxe5 {favours White (Nunn).}) 16.
Qxf4 Qc5 {Black counters.} 17. a4 g5 (17... Rd8 $2 18. Rac1 Rd4 $1 19. Qg3 $1
Qd6 20. Rc7+ Kf8 21. Qc3 {wins for White.}) 18. Qg3 $1 {
White keeps the initiative.} Rd8 19. Rac1 Qd5 20. f4 $1 {
The attack on the king begins.} a6 21. Be2 Bd7 $2 {
White is allowed to open the kingside.} (21... Qd4+ $1 22. Kh1 g4 $1 23. Bxg4
Qf6 {defends properly.}) 22. fxg5 Rac8 $5 23. Qa3+ $5 Qd6 24. Rxf7+ $1 Kxf7 25.
Qxd6 Rxc1+ 26. Kf2 Rcc8 27. h4 $5 Kg8 28. h5 Be8 29. Qe7 Rd7 30. Qxe6+ Rf7+ 31.
Kg1 Bd7 32. Qb3 Kf8 33. Qxb7 Rc1+ 34. Kh2 Bxa4 35. Qb4+ {
Nunn attacked vigorously.} 1-0

[Event "Biel"]
[Site "15"]
[Date "1982.07.??"]
[Round "10"]
[White "Szmetan, Ricardo"]
[Black "Gheorghiu, Florin"]
[Result "0-1"]
[WhiteElo "2295"]
[BlackElo "2535"]
[Annotator "JvR"]
[PlyCount "52"]
[EventDate "1982.07.??"]
[SourceDate "2013.10.27"]

1. d4 Nf6 2. Nf3 c5 3. c3 b6 4. Bf4 Bb7 5. e3 e6 6. h3 Be7 7. Be2 O-O 8. O-O d6
9. a4 Nc6 10. Nbd2 Rc8 $5 ({Known is} 10... Re8) 11. Nc4 d5 12. Nce5 Na5 13.
Bd3 Ne4 14. Ne1 $6 ({Preferable is} 14. Nd2 $1 f6 15. Nef3) 14... f6 $1 15. Ng4
Bd6 $5 16. Bxd6 Qxd6 17. f3 $2 (17. Nf3 $1 {defends properly.}) 17... Ng3 $1
18. Rf2 e5 $1 19. dxe5 fxe5 20. e4 $5 c4 21. Bc2 h5 22. Ne3 d4 $1 {
Black attacks in the centre and on the kingside.} 23. b4 $5 cxb3 24. Bxb3+ Kh8
25. Ba2 $5 dxe3 $1 26. Qxd6 exf2+ {Gheorghiu caught up with Nunn. The final
standings became: Nunn and Gheorghiu 71/2/11, Hort 61/2, Gobet, Meduna and
Birnboim 6, Lobron 51/2, Mariotti and Toth 5, Wirthensohn 41/2, Szmetan 4,
Cuartas 21/2.} ({The pointe is} 26... exf2+ 27. Kxf2 Nxe4+) 0-1

[Event "Biel"]
[Site "16"]
[Date "1983.07.17"]
[Round "1"]
[White "Wirthensohn, Heinz"]
[Black "Nunn, John"]
[Result "0-1"]
[WhiteElo "2425"]
[BlackElo "2590"]
[Annotator "JvR"]
[PlyCount "72"]
[EventDate "1983.07.??"]
[SourceDate "2013.10.27"]

{The sixteenth Schachfestival occurred in Biel from 17 until 29 vii 1983.} 1.
c4 g6 2. e4 Bg7 3. d4 d6 4. Nc3 Nf6 5. Be2 O-O 6. Nf3 Nbd7 7. O-O e5 8. Be3 h6
9. dxe5 dxe5 10. Nd2 Nh7 11. b4 f5 12. f3 Ng5 13. Nb3 $5 Kh8 14. Qc2 f4 15. Bf2
Ne6 16. Rad1 Qe8 17. c5 g5 18. Bb5 $6 ({Preferable is} 18. Rd2 Nf6 19. Rfd1)
18... c6 19. Bc4 Nf6 20. Kh1 $6 {White loses time again.} g4 $1 21. Bxe6 $6
Bxe6 22. Na5 $6 {He neglects the defence.} Qh5 $1 23. Qe2 Rg8 24. Bg1 gxf3 25.
gxf3 Bh3 26. Rf2 ({Or} 26. Nxb7 Bf8 $1 27. Rf2 Qg6 {and Black wins.}) 26... Qh4
27. Qe1 Nh5 28. Rfd2 Qe7 $6 (28... Qg5 29. Nxb7 Bf6 {wins at once.}) 29. Nc4 $6
(29. Nxb7 $1 Bf6 $1 30. Nd6 Rg6 {also wins for Black.}) 29... Bf6 30. Nd6 Bh4
31. Qe2 Rg6 32. Nf5 Qg5 33. Nxh4 Qxh4 34. Qe1 Bg2+ $1 35. Rxg2 Ng3+ 36. Rxg3
fxg3 {Nunn attacked in the King's Indian.} 0-1

[Event "Biel"]
[Site "16"]
[Date "1983.07.18"]
[Round "2"]
[White "Adorjan, Andras"]
[Black "Wirthensohn, Heinz"]
[Result "1-0"]
[WhiteElo "2535"]
[BlackElo "2425"]
[Annotator "JvR"]
[PlyCount "55"]
[EventDate "1983.07.??"]
[SourceDate "2013.10.27"]

1. c4 e5 2. Nc3 Nf6 3. Nf3 Nc6 4. g3 d5 5. cxd5 Nxd5 6. Bg2 Nb6 7. O-O Be7 8.
a3 a5 9. d3 O-O 10. Be3 Re8 11. Rc1 Bg4 12. Re1 Bf8 13. Nd2 $5 Rb8 $6 14. Nb3
Ra8 {Black has lost time.} 15. Nb5 $1 a4 16. Nc5 Bxc5 17. Rxc5 $1 (17. Bxc5 $6
Ra5 $1 {equalises.}) 17... Bd7 18. d4 exd4 19. Bf4 $5 Qe7 $6 ({Preferable is} 
19... Rc8 $5 20. Nxd4 Nxd4 21. Qxd4 c6) 20. Rc1 Rac8 21. Bxc7 Qg5 $1 22. Bxb6
Qxb5 23. Bxd4 Rcd8 $5 24. Rc5 Qa6 $6 25. Rg5 $1 Bh3 $2 (25... g6 $1 26. Bf6 Bf5
27. Bxd8 Rxd8 {offers more resistance.}) 26. Rxg7+ Kf8 27. Rxh7 Bxg2 ({Or} 
27... Rxd4 28. Qc1 $1 Bxg2 29. Qg5 $1 {
and White delivers mate (Adorjan and Végh).}) 28. Bf6 $1 {
A direct attack ended the game.} 1-0

[Event "Biel"]
[Site "16"]
[Date "1983.07.18"]
[Round "2"]
[White "Nemet, Ivan"]
[Black "Miles, Anthony"]
[Result "0-1"]
[WhiteElo "2395"]
[BlackElo "2585"]
[Annotator "JvR"]
[PlyCount "114"]
[EventDate "1983.07.??"]
[SourceDate "2013.10.27"]

1. d4 Nf6 2. c4 e6 3. Nf3 b6 4. g3 Bb4+ 5. Bd2 Bxd2+ 6. Nbxd2 Bb7 7. Bg2 c5 8.
O-O Qc7 9. Rc1 $5 O-O 10. e3 d6 11. Re1 Nbd7 12. e4 $5 cxd4 13. Nxd4 a6 14. b4
Rac8 15. h3 Rfd8 16. Qe2 Qb8 17. N2b3 Ba8 18. a3 Re8 19. Nd2 Rc7 20. N4b3 $5
Rec8 21. Qd3 Ne8 22. f4 e5 23. f5 b5 $5 24. cxb5 axb5 25. Rxc7 Rxc7 26. Bf1 $6
({More solid is} 26. Bf3 Qb6+ 27. Kg2) 26... Ndf6 $1 {Miles has the initiative.
} 27. Qe3 (27. Qxb5 $6 Qa7+ $1 28. Kg2 d5 $1 {leads to a black attack.}) 27...
h5 28. Rc1 $6 Rxc1 29. Nxc1 d5 $1 {
Black has been allowed to make the liberating move and takes an advantage.} 30.
exd5 Nd6 $1 31. Qc5 ({Or} 31. Qxe5 Qb6+ 32. Kg2 Bxd5+ 33. Nf3 Bxf3+ 34. Kxf3
Nfe4 35. Qb2 Nxf5 $1 36. Kxe4 Qe3+ 37. Kxf5 Qf3+ 38. Ke5 Qf6+) 31... e4 32. Bg2
Nxf5 33. Ne2 Bxd5 {He gains a pawn.} 34. Nf1 Nd6 $5 35. Ne3 Ba8 $5 36. Nf4 g6
37. Bf1 Nd7 38. Qc3 Ne8 39. Bg2 h4 40. Qe1 Nef6 41. Qf2 hxg3 42. Qxg3 Qe5 43.
h4 Bc6 44. Bh3 Kf8 45. Qf2 Ke8 46. Bf1 Qc3 47. Ne2 Qd2 48. Qg3 Nh5 49. Qg5 Qd6
50. Nf5 $5 gxf5 51. Qxh5 f4 52. Qg5 f3 53. Ng3 Qd4+ 54. Kh2 e3 55. Kh3 e2 56.
Bxe2 fxe2 57. Nxe2 Qf2 {Miles wins quickly.} 0-1

[Event "Biel"]
[Site "16"]
[Date "1983.07.20"]
[Round "4"]
[White "Gobet, Fernand"]
[Black "Adorjan, Andras"]
[Result "0-1"]
[WhiteElo "2415"]
[BlackElo "2535"]
[Annotator "JvR"]
[PlyCount "128"]
[EventDate "1983.07.??"]
[SourceDate "2013.10.27"]

1. e4 c5 2. Nf3 e6 3. d4 cxd4 4. Nxd4 Nf6 5. Nc3 d6 6. g3 Nc6 7. Bg2 Bd7 8. O-O
Be7 9. Nce2 a6 10. c4 Rc8 11. b3 O-O 12. Bb2 Qa5 13. a3 Rfd8 $5 14. Re1 b5 15.
cxb5 axb5 16. Nxc6 Bxc6 17. Nd4 Ba8 18. Qe2 Rb8 19. Rec1 Qb6 20. Rc2 e5 $1 {
Black is okay.} 21. Nf5 Bf8 22. Qd3 Qb7 $1 23. Rac1 $2 (23. Re1 {
protects a pawn.}) 23... Nxe4 $1 {He gains a pawn temporarily.} 24. Ne3 Nc5 $1
25. Rxc5 $6 ({Preferable is} 25. Qd1) 25... dxc5 26. Qxd8 Qxg2+ $1 27. Nxg2
Rxd8 28. Bxe5 Rd3 {Adorjan has positional advantages.} 29. Rb1 $5 Be4 30. Nf4
Rd2 $6 (30... Rxg3+ $1 {wins at once (Adorjan and Végh).}) 31. Re1 Bc6 32. Kf1
f6 33. Bc3 Rc2 34. Re3 Rc1+ $6 ({Better is} 34... Bd7 35. b4 Kf7) 35. Ke2 Rb1
36. Ba5 Rb2+ 37. Ke1 c4 $5 38. bxc4 Bc5 39. Re2 Rb1+ 40. Kd2 bxc4 41. Bb4 Bxb4+
42. axb4 g5 $1 43. Re6 Bf3 $1 44. Re3 Bg4 45. Ne6 Rb2+ 46. Kc1 Rxb4 47. f3 $6 (
47. Nd4 {offers more resistance.}) 47... Bf5 48. g4 Bg6 49. f4 Rb1+ 50. Kd2
Rb2+ 51. Kc3 Rb3+ 52. Kd2 Bf7 $1 53. Re4 gxf4 54. Nxf4 Rb2+ 55. Kc3 Rxh2 56.
Ne6 $5 Rh4 $1 57. Nd8 Rh3+ 58. Kb4 c3 59. Nxf7 Kxf7 60. Rc4 Kg6 61. Kc5 Rd3 62.
Kb4 Kg5 63. Kb3 h6 64. Kc2 Rg3 {Adorjan won after a great effort.} 0-1

[Event "Biel"]
[Site "16"]
[Date "1983.07.22"]
[Round "5"]
[White "Nunn, John"]
[Black "Campora, Daniel"]
[Result "1-0"]
[WhiteElo "2590"]
[BlackElo "2485"]
[Annotator "JvR"]
[PlyCount "69"]
[EventDate "1983.07.??"]
[SourceDate "2013.10.27"]

1. e4 c6 2. d4 d5 3. exd5 cxd5 4. c4 Nf6 5. Nc3 e6 6. Nf3 Be7 7. cxd5 Nxd5 8.
Bd3 Nc6 9. O-O O-O 10. Re1 Bf6 11. Be4 Nce7 12. Ne5 g6 13. Bh6 Bg7 14. Bxg7
Kxg7 15. Qf3 Nf6 $5 ({A solid alternative is} 15... b6) 16. Bxb7 {
Nunn accepts the challenge.} Bxb7 17. Qxb7 a5 ({Preferable is} 17... Nf5 $1 18.
Red1 Rb8 19. Qxa7 Rxb2 20. Rac1 Qa8 21. Qxa8 Rxa8 {
and White has little advantage.}) 18. Qf3 $5 Qxd4 19. Rad1 Qb4 20. Nd7 Nxd7 21.
Rxd7 Nd5 $2 ({Better is} 21... Nf5 $1 22. Rb7 {(Nunn)} Qd6) 22. Rxe6 $1 Nxc3
23. Ree7 $1 {The attack continues.} Kg8 24. Rxf7 Ne2+ $1 25. Kf1 Qxb2 $2 (25...
Ng3+ $1 26. hxg3 Qc4+ 27. Kg1 Qc1+ 28. Rd1 Qxb2 {proceeds the battle.}) 26. Qd5
$1 Ng3+ 27. hxg3 Qa1+ 28. Ke2 Rae8+ 29. Kf3 Kh8 30. Kg4 $1 h5+ 31. Kh4 Qh1+ 32.
Kg5 Qc1+ 33. f4 Rxf7 34. Rxf7 Qe3 35. Kh6 {The white king attacks decisively.}
1-0

[Event "Biel"]
[Site "16"]
[Date "1983.07.23"]
[Round "6"]
[White "Miles, Anthony"]
[Black "Kindermann, Stefan"]
[Result "1-0"]
[WhiteElo "2585"]
[BlackElo "2500"]
[Annotator "JvR"]
[PlyCount "57"]
[EventDate "1983.07.??"]
[SourceDate "2013.10.27"]

1. c4 e5 2. Nc3 Nc6 3. e3 Nf6 4. Nf3 Bb4 5. Nd5 e4 6. Ng1 O-O 7. a3 Bd6 8. Ne2
$5 ({The alternative is} 8. Qc2) 8... Be5 9. Ng3 Re8 10. Qc2 Bxg3 11. hxg3 d6
12. Rh4 $5 ({A novelty will become} 12. b3 $5) 12... Nxd5 13. cxd5 Ne5 14. d3
f5 $6 ({Preferable is} 14... Nxd3+ 15. Bxd3 exd3 16. Qxd3 h6) 15. Bd2 Ng6 16.
Rh5 Bd7 17. Bc3 c5 $2 ({Better is} 17... Qe7) 18. dxc6 bxc6 19. O-O-O d5 ({Not
} 19... f4 $2 20. dxe4 Bg4 21. Bc4+ d5 22. Rhxd5 $1 cxd5 23. Rxd5 {(Miles).})
20. Be2 Qe7 21. g4 $1 Qf7 22. Rdh1 Nf8 23. Qd1 $2 ({Correct is} 23. dxe4 fxe4
24. f4) 23... Rac8 $2 (23... fxg4 24. Bxg4 Bxg4 25. Qxg4 exd3 {defends well.})
24. Rg5 $1 Ng6 25. gxf5 Bxf5 26. dxe4 dxe4 $6 (26... Bxe4 27. f3 Bf5 28. g4 {
also wins for White.}) 27. Rxf5 $1 Qxf5 28. Bc4+ Kh8 29. Rh5 $1 ({
Miles has prepared} 29. Rh5 Qxf2 30. Rxh7+ Kxh7 31. Qh5#) 1-0

[Event "Biel"]
[Site "16"]
[Date "1983.07.27"]
[Round "9"]
[White "Adorjan, Andras"]
[Black "Miles, Anthony"]
[Result "0-1"]
[WhiteElo "2535"]
[BlackElo "2585"]
[Annotator "JvR"]
[PlyCount "112"]
[EventDate "1983.07.??"]
[SourceDate "2013.10.27"]

1. c4 b6 2. d4 Bb7 3. Nc3 e6 4. a3 f5 5. d5 Nf6 6. Nf3 Be7 $5 {
Miles likes to play surprising openings.} 7. g3 Ne4 8. Bd2 Bc5 9. e3 a5 10. Bg2
O-O 11. O-O Na6 12. Ne5 Bd6 13. Nd3 Nxd2 14. Qxd2 e5 15. Nb5 Qe7 16. e4 f4 $5 (
{Preferable is} 16... fxe4 17. Bxe4 Nc5 18. Nxc5 bxc5) 17. b4 $1 axb4 18. Nxd6
Qxd6 19. axb4 f3 $6 ({More solid is} 19... c5 20. dxc6 dxc6) 20. Bh1 $5 (20.
Bh3 $1 {gains more advantage.}) 20... c6 21. c5 bxc5 22. bxc5 Nxc5 23. Qb4 $1
Ba6 24. Rxa6 $1 (24. Qxc5 Qxc5 25. Nxc5 Bxf1 26. Rxf1 cxd5 27. Nxd7 dxe4 $1 28.
Nxf8 Kxf8 {brings a bastion (Miles).}) 24... Rxa6 25. Qxc5 $2 (25. Nxc5 Raa8
26. dxc6 Qxc6 27. Rc1 {gains a plus.}) 25... cxd5 26. h4 Qxc5 27. Nxc5 Rd6 $1
28. Rb1 $5 (28. Nb7 $1 Rb6 29. Nc5 Rd6 {leads to a repetition of positions.})
28... dxe4 29. Nxe4 Rd4 $5 30. Ng5 Rd3 31. Rb5 d6 32. Rb7 Rd1+ 33. Kh2 Rf1 $1
34. Rb2 h6 35. Ne6 Rf6 36. Nc7 $2 (36. Bxf3 Rxf3 37. Kg2 Rf6 38. Rb8+ Kh7 39.
Kxf1 Rxe6 40. h5 {leads to a survival for White in the rook ending.}) 36... e4
37. Nd5 Re6 38. Rd2 Re1 39. Nf4 Rf6 40. Nh5 Rf5 41. g4 e3 $1 42. fxe3 Re2+ 43.
Kg3 f2 44. Rxe2 f1=Q 45. gxf5 Qxe2 46. Bd5+ Kf8 47. Nf4 Qxe3+ 48. Kg4 Qg1+ 49.
Kf3 Ke7 50. Be6 Kf6 51. Nd5+ Ke5 52. Ne3 Qh1+ 53. Kg3 Qe1+ 54. Kf3 Qxh4 55.
Nc4+ Kd4 56. Nxd6 Qh3+ {
The knight will be conquered. Adorjan was out of the race for the first place.}
0-1

[Event "Biel"]
[Site "16"]
[Date "1983.07.27"]
[Round "9"]
[White "Nunn, John"]
[Black "Gheorghiu, Florin"]
[Result "1-0"]
[WhiteElo "2590"]
[BlackElo "2475"]
[Annotator "JvR"]
[PlyCount "67"]
[EventDate "1983.07.??"]
[SourceDate "2013.10.27"]

1. e4 c5 2. Nf3 e6 3. d4 cxd4 4. Nxd4 a6 5. Bd3 Nf6 6. O-O d6 7. c4 b6 8. Nc3
Bb7 9. f4 Be7 10. Kh1 O-O 11. Qe2 Nc6 12. Nxc6 Bxc6 13. b3 Qc7 14. Bb2 Rad8 15.
Rae1 Bb7 16. Bb1 Nd7 17. Qh5 $5 (17. e5 dxe5 18. fxe5 {
occurred in Tringov - Gheorghiu, Luzern 1982.}) 17... Rfe8 $6 ({Preferable is} 
17... h6) 18. Re3 $1 Nf6 19. Qh3 g6 $2 (19... h5 $5 {offers more resistance.})
20. f5 $1 Bc8 ({Or} 20... e5 21. Rg3) 21. Rg3 $1 Kg7 $6 (21... e5 $5 22. Qh6
Bf8 23. Qh4 Bg7 24. Bc1 {wins for White.}) 22. Qh4 $1 Rf8 23. Bc1 $1 Rde8 {
Gheorghiu shifts his pieces uselessly.} 24. e5 $1 dxe5 25. Qh6+ Kh8 26. Rh3 Rg8
27. Bg5 Rg7 28. Bxf6 Bxf6 29. Ne4 $1 Qd8 30. fxg6 Be7 31. Qxh7+ Rxh7 32. Rxh7+
Kg8 33. gxf7+ Kxh7 34. fxe8=Q {The final standings became: Miles and Nunn 8/11,
Adorjan 7, Meduna and Gheorghiu 61/2, Hebden and Kindermann 51/2, Toth 41/2,
Campora and Gobet 4, Wirthensohn 31/2, Nemet 3.} 1-0

[Event "Biel"]
[Site "17"]
[Date "1984.07.23"]
[Round "2"]
[White "Hort, Vlastimil"]
[Black "Lobron, Eric"]
[Result "1-0"]
[WhiteElo "2605"]
[BlackElo "2495"]
[Annotator "JvR"]
[PlyCount "73"]
[EventDate "1984.07.??"]
[SourceDate "2013.10.27"]

{The seventeenth Schachfestival was played in Biel from 22 vii until 3 viii
1984.} 1. e4 c6 2. d4 d5 3. Nd2 dxe4 4. Nxe4 Bf5 5. Ng3 Bg6 6. h4 h6 7. Nf3 Nd7
8. h5 Bh7 9. Bd3 Bxd3 10. Qxd3 e6 11. Bd2 Ngf6 12. O-O-O Be7 13. Kb1 O-O 14.
Qe2 $5 Rc8 15. c4 b5 $1 16. c5 a5 17. Nf1 $5 a4 18. Ne3 a3 19. bxa3 $6 ({
Better is} 19. b3) 19... Ne4 20. Bb4 Ndf6 $2 (20... Qc7 {develops the queen.})
21. Qc2 Qc7 22. Ne5 Rfd8 23. f4 Ng3 24. Rh3 $1 Ngxh5 $6 ({Slightly better is} 
24... Nf5 25. Nxf5 exf5 26. Qxf5) 25. g3 $1 Bf8 26. Qh2 $1 g6 27. g4 Ng7 28.
Rxh6 Ngh5 29. gxh5 $1 Bxh6 30. hxg6 Bg7 31. gxf7+ Kf8 32. f5 Nd7 33. Ng6+ Kxf7
34. fxe6+ $1 Kxe6 ({Or} 34... Kxg6 35. Rg1+ Kf6 36. Qh4+ Kxe6 37. Rxg7 {(Hort).
}) 35. Nf4+ Kf7 36. Nf5 Nf6 37. Nxg7 {Hort attacked a vulnerable king.} 1-0

[Event "Biel"]
[Site "17"]
[Date "1984.07.27"]
[Round "5"]
[White "Gobet, Fernand"]
[Black "Hort, Vlastimil"]
[Result "0-1"]
[WhiteElo "2360"]
[BlackElo "2605"]
[Annotator "JvR"]
[PlyCount "113"]
[EventDate "1984.07.??"]
[SourceDate "2013.10.27"]

1. e4 c6 2. d4 d5 3. exd5 cxd5 4. c4 Nf6 5. Nc3 Nc6 6. Nf3 e6 7. c5 Be7 8. Bb5
O-O 9. O-O Bd7 10. Re1 Qc7 $5 ({Known is} 10... a6 11. Bd3 b6 {
(Shamkovich - Hort, Leningrad 1967).}) 11. Bg5 $5 Rfd8 $5 12. Bh4 $5 Be8 13.
Bg3 Qc8 14. Qe2 Nh5 15. Bxc6 Nxg3 16. hxg3 bxc6 17. b4 Rd7 18. Rab1 Rb7 19. a4
Bd8 20. Qa6 Rab8 21. b5 $6 (21. Rb3 Qc7 22. Na2 {continues the pressure.})
21... Qc7 22. Ne5 $5 Qa5 23. Qxa5 Bxa5 24. bxc6 Rxb1 25. Rxb1 Rxb1+ 26. Nxb1
Kf8 $1 {Black has a pleasant endgame due to the two bishops.} 27. Na3 a6 28.
Nc2 Ke7 29. Nb4 $6 f6 30. Ned3 Kd8 $6 (30... Bxb4 31. Nxb4 a5 32. Nd3 Bxc6 33.
Nb2 e5 {attacks.}) 31. Kf1 Bxb4 32. Nxb4 a5 33. Na2 $2 (33. Nd3 $1 Bxc6 34. Nb2
h5 35. Ke2 e5 36. Kd3 {keeps a solid defence.}) 33... Bxc6 34. Nc3 e5 $1 {
Black gains material.} 35. Ke1 exd4 36. Ne2 Bxa4 $6 (36... d3 37. Nd4 Bxa4 {
wins two pawns.}) 37. Kd2 Kc7 38. Nxd4 $1 {White can defend well in the bishop
versus knight ending, despite the loss of a pawn.} Bd7 39. Kc3 Kb7 40. Kb3 h5
41. Ka3 g6 42. Kb3 Bf5 43. Kc3 Ka6 44. f3 Bd7 45. Kb3 (45. Ne2 Kb5 46. Kd4 a4
47. Kxd5 a3 48. Kd6 Be8 49. g4 h4 {wins for Black.}) 45... Bb5 46. Ne6 Kb7 $1
47. Nf4 Be8 $5 48. Kc3 Kc6 49. Ne6 Bd7 50. Nf8 Bf5 51. g4 hxg4 52. fxg4 Bxg4
53. Kd4 a4 $1 54. Nxg6 a3 55. Ne7+ Kd7 $1 56. Nxd5 a2 57. Nxf6+ {
Hort scored well.} 0-1

[Event "Biel"]
[Site "17"]
[Date "1984.07.29"]
[Round "7"]
[White "Gobet, Fernand"]
[Black "Huebner, Robert"]
[Result "0-1"]
[WhiteElo "2360"]
[BlackElo "2610"]
[Annotator "JvR"]
[PlyCount "108"]
[EventDate "1984.07.??"]
[SourceDate "2013.10.27"]

1. e4 e5 2. Nf3 Nc6 3. Bb5 a6 4. Bxc6 dxc6 5. O-O Qd6 6. d3 Ne7 7. Be3 c5 8.
Nfd2 $5 ({Usual is} 8. Nbd2) 8... Ng6 9. Nc4 Qd8 10. Qh5 Bd6 11. Nc3 Be6 12. a4
O-O 13. Nxd6 Qxd6 14. f4 $6 ({More solid is} 14. b3 $1) 14... Nxf4 $1 15. Rxf4
$1 exf4 16. Bxc5 Qc6 17. Bxf8 Rxf8 18. Kh1 Qb6 19. Rb1 f5 20. Qf3 fxe4 21. Qxe4
Bf7 $1 22. Nd5 Qc5 $6 (22... Qf2 {keeps a plus.}) 23. c4 $5 Bxd5 24. cxd5 h6
25. Rf1 a5 26. h3 Rf6 27. Qe8+ Qf8 28. Qe4 Qf7 29. Rf3 Rf5 30. Qc4 $2 (30. d4
$1 Kf8 31. Kh2 Qxd5 32. Qxd5 Rxd5 33. Rxf4+ {almost equalises.}) 30... g5 $1
31. d6 $5 {He sacrifices a doomed pawn.} cxd6 32. Qc8+ Kg7 33. d4 Qd5 34. Rc3
Rf7 35. Rc7 f3 36. Rxf7+ Qxf7 37. gxf3 Qxf3+ 38. Kh2 Qf2+ 39. Kh1 Qf3+ 40. Kh2
Qf2+ 41. Kh1 Qxd4 42. Qxb7+ Kg6 {Black has an extra pawn in the queen ending.}
43. Qb5 Qd2 44. b3 d5 45. Qd7 Qe1+ 46. Kh2 Qe5+ 47. Kg2 Qe4+ 48. Kg3 d4 49.
Qd6+ Kh5 50. Qc7 Qe3+ 51. Kg2 Kh4 52. Qxa5 Qe2+ 53. Kg1 Kxh3 54. Qf5+ Kg3 $1 {
White will be mated.} 0-1

[Event "Biel"]
[Site "17"]
[Date "1984.07.29"]
[Round "7"]
[White "Kortschnoj, Viktor"]
[Black "Hort, Vlastimil"]
[Result "1-0"]
[WhiteElo "2635"]
[BlackElo "2605"]
[Annotator "JvR"]
[PlyCount "93"]
[EventDate "1984.07.??"]
[SourceDate "2013.10.27"]

{Kortschnoj had started with a defeat against Pia Cramling. Better results
followed later.} 1. e4 c6 2. d4 d5 3. Nd2 dxe4 4. Nxe4 Bf5 5. Ng3 Bg6 6. h4 h6
7. f4 e6 8. Nf3 Nd7 9. h5 Bh7 10. Bd3 Bxd3 11. Qxd3 Qc7 12. Bd2 O-O-O 13. Qe2
Ne7 $5 ({Usual is} 13... Ngf6) 14. O-O-O Nf6 $5 15. Ne5 $1 Nf5 $5 16. Nxf5 $1
exf5 {Pawn f5 becomes vulnerable.} 17. Qd3 Ne4 18. Qh3 $1 Kb8 19. Qxf5 Nf2 $2 (
{Correct is} 19... Ng3 $1 20. Qxf7 Nxh1 21. Rxh1 Rc8) 20. Qxf7 $2 (20. Nxf7 $1
{gains material.}) 20... Nxh1 21. Qxc7+ Kxc7 22. Nf7 Nf2 23. Rf1 Ne4 24. Nxh8
Rxd4 25. Be1 $1 Bc5 {
White possesses an extra pawn, but Black has positional compensation.} 26. Rf3
Rd5 27. g4 Nf6 28. b4 Bg1 29. Bh4 Ne4 $2 (29... Nxg4 $1 30. Rg3 Be3+ 31. Kb2
Nf2 32. Rxg7+ Kb6 33. Bxf2 Bxf2 {brings equality (Hort).}) 30. Ng6 a5 31. a3 a4
32. Be1 b5 33. Bc3 Nxc3 34. Rxc3 Bd4 35. Rd3 Kd6 36. Nh4 $1 Bf6 37. Nf5+ Ke6
38. Kd2 c5 39. bxc5 b4 40. Kc1 $2 (40. Rxd5 Kxd5 41. axb4 a3 42. Ne3+ Ke4 43.
c4 {wins for White.}) 40... Rxd3 $2 {The time pressure must have been awful.} (
{Right is} 40... Rxc5 41. Nd4+ Bxd4 42. Rxd4 b3 $1) 41. cxd3 b3 42. c6 $1 Bd8
43. Nxg7+ Kd5 44. g5 Kxc6 45. Ne6 Be7 46. g6 Bxa3+ 47. Kb1 {
The leader Hort had been stopped.} 1-0